<?xml version='1.0' encoding='UTF-8'?>
  <record xmlns="http://www.loc.gov/MARC21/slim">
    <leader>00000cam a22000007i 4500</leader>
    <controlfield tag="001">ocm65395825</controlfield>
    <controlfield tag="003">OCoLC</controlfield>
    <controlfield tag="005">20250720224825.2</controlfield>
    <controlfield tag="008">900612s1794    ne            000 0 fre d</controlfield>
    <datafield tag="040" ind1=" " ind2=" ">
      <subfield code="a">NLGGC</subfield>
      <subfield code="b">dut</subfield>
      <subfield code="e">fobidrtb</subfield>
      <subfield code="c">NLGGC</subfield>
      <subfield code="d">OCLCO</subfield>
      <subfield code="d">OCLCL</subfield>
      <subfield code="d">OCLCQ</subfield>
    </datafield>
    <datafield tag="029" ind1="0" ind2=" ">
      <subfield code="a">NLGGC</subfield>
      <subfield code="b">062759051</subfield>
    </datafield>
    <datafield tag="035" ind1=" " ind2=" ">
      <subfield code="a">(OCoLC)65395825</subfield>
    </datafield>
    <datafield tag="100" ind1="1" ind2=" ">
      <subfield code="a">Huzard, Jean Baptiste,</subfield>
      <subfield code="d">1755-1838.</subfield>
      <subfield code="1">https://id.oclc.org/worldcat/entity/E39PBJhxkc4j3gg6qJkCVpbWXd</subfield>
    </datafield>
    <datafield tag="245" ind1="1" ind2="0">
      <subfield code="a">Instruction sommaire aux voituriers, conducteurs de fourgons &amp; autres voitures publiques, sur les soins qu'ils doivent donner à leurs chevaux en route pour les conserver en santé, prévenir les accidens auxquels ils sont exposés, &amp; remédier à ceux qui pourroient leur arriver =</subfield>
      <subfield code="b">Kort onderricht voor alle liefhebbers van paarden, stalhouders, opzichters van posteryën &amp;c.; handelende over de zorge, die zy voor hunne paarden, op reizen of by transporten, moeten draagen, ten einde dezelven gezond te houden, de toevallen waar aan die blootgesteld zyn voortekomen, en om die ziektens te geneezen, welken dezelven zouden kunnen overkomen /</subfield>
      <subfield code="c">par Huzard.</subfield>
    </datafield>
    <datafield tag="246" ind1="3" ind2=" ">
      <subfield code="a">Kort onderricht voor alle liefhebbers van paarden, stalhouders, opzichters van posteryën &amp;c.; handelende over de zorge, die zy voor hunne paarden, op reizen of by transporten, moeten draagen, ten einde dezelven gezond te houden, de toevallen waar aan die blootgesteld zyn voortekomen, en om die ziektens te geneezen, welken dezelven zouden kunnen overkomen</subfield>
    </datafield>
    <datafield tag="260" ind1=" " ind2=" ">
      <subfield code="a">A La Haye :</subfield>
      <subfield code="b">Chez I. van Cleef,</subfield>
      <subfield code="c">1794.</subfield>
    </datafield>
    <datafield tag="300" ind1=" " ind2=" ">
      <subfield code="a">94, [II] p. ;</subfield>
      <subfield code="c">23 cm.</subfield>
    </datafield>
    <datafield tag="336" ind1=" " ind2=" ">
      <subfield code="a">tekst</subfield>
      <subfield code="b">txt</subfield>
      <subfield code="2">rdacontent/dut</subfield>
    </datafield>
    <datafield tag="337" ind1=" " ind2=" ">
      <subfield code="a">zonder medium</subfield>
      <subfield code="b">n</subfield>
      <subfield code="2">rdamedia/dut</subfield>
    </datafield>
    <datafield tag="338" ind1=" " ind2=" ">
      <subfield code="a">band</subfield>
      <subfield code="b">nc</subfield>
      <subfield code="2">rdacarrier/dut</subfield>
    </datafield>
    <datafield tag="500" ind1=" " ind2=" ">
      <subfield code="a">Tekst in het Frans en Nederlands.</subfield>
    </datafield>
    <datafield tag="776" ind1="0" ind2=" ">
      <subfield code="t">Instruction sommaire aux voituriers, conducteurs de fourgons &amp; autres voitures publiques, sur les soins qu'ils doivent donner à leurs chevaux en route pour les conserver en santé, prévenir les accidens auxquels ils sont exposés, &amp; remédier à ceux qui pourroient leur arriver</subfield>
      <subfield code="w">(NL-LeOCL)425980057</subfield>
    </datafield>
    <datafield tag="936" ind1=" " ind2=" ">
      <subfield code="a">BATCHLOAD</subfield>
    </datafield>
  </record>